Sports Quiz

Random Sports or NBA Quiz

1965-66 NBA Daily Points Leaders Quiz Stats

 Plays Quiz not verified by Sporcle

Challenge
Share
Tweet
Score 0/156 Timer 10:00
0 Plays Today
Date Player % Correct
10-16-65Wilt Chamberlain
100%
10-23-65Wilt Chamberlain
100%
11-9-65Wilt Chamberlain
100%
11-17-65Wilt Chamberlain
100%
11-21-65Wilt Chamberlain
100%
11-24-65Wilt Chamberlain
100%
11-30-65Wilt Chamberlain
100%
12-8-65Wilt Chamberlain
100%
12-11-65Wilt Chamberlain
100%
12-20-65Wilt Chamberlain
100%
1-2-66Wilt Chamberlain
100%
1-6-66Wilt Chamberlain
100%
1-7-66Wilt Chamberlain
100%
1-9-66Wilt Chamberlain
100%
1-12-66Wilt Chamberlain
100%
1-14-66Wilt Chamberlain
100%
1-18-66Wilt Chamberlain
100%
1-19-66Wilt Chamberlain
100%
1-23-66Wilt Chamberlain
100%
1-25-66Wilt Chamberlain
100%
1-28-66Wilt Chamberlain
100%
1-30-66Wilt Chamberlain
100%
2-5-66Wilt Chamberlain
100%
2-7-66Wilt Chamberlain
100%
2-8-66Wilt Chamberlain
100%
2-14-66Wilt Chamberlain
100%
2-15-66Wilt Chamberlain
100%
2-17-66Wilt Chamberlain
100%
2-22-66Wilt Chamberlain
100%
3-3-66Wilt Chamberlain
100%
10-15-65Jerry West
98.7%
10-26-65Jerry West
98.7%
10-30-65Jerry West
98.7%
11-3-65Jerry West
98.7%
11-17-65Jerry West
98.7%
11-26-65Jerry West
98.7%
11-28-65Jerry West
98.7%
12-1-65Jerry West
98.7%
12-3-65Jerry West
98.7%
12-6-65Jerry West
98.7%
12-7-65Jerry West
98.7%
12-10-65Jerry West
98.7%
12-12-65Jerry West
98.7%
12-17-65Jerry West
98.7%
12-19-65Jerry West
98.7%
12-23-65Jerry West
98.7%
12-25-65Jerry West
98.7%
12-28-65Jerry West
98.7%
12-29-65Jerry West
98.7%
12-30-65Jerry West
98.7%
1-20-66Jerry West
98.7%
1-21-66Jerry West
98.7%
Date Player % Correct
1-26-66Jerry West
98.7%
2-4-66Jerry West
98.7%
2-9-66Jerry West
98.7%
2-26-66Jerry West
98.7%
3-2-66Jerry West
98.7%
3-4-66Jerry West
98.7%
10-15-65Oscar Robertson
97.7%
10-17-65Oscar Robertson
97.7%
10-19-65Oscar Robertson
97.7%
10-28-65Oscar Robertson
97.7%
11-10-65Oscar Robertson
97.7%
11-27-65Oscar Robertson
97.7%
11-30-65Oscar Robertson
97.7%
12-5-65Oscar Robertson
97.7%
12-22-65Oscar Robertson
97.7%
12-26-65Oscar Robertson
97.7%
12-27-65Oscar Robertson
97.7%
1-3-66Oscar Robertson
97.7%
2-2-66Oscar Robertson
97.7%
2-8-66Oscar Robertson
97.7%
2-18-66Oscar Robertson
97.7%
2-19-66Oscar Robertson
97.7%
2-21-66Oscar Robertson
97.7%
2-23-66Oscar Robertson
97.7%
3-1-66Oscar Robertson
97.7%
3-5-66Oscar Robertson
97.7%
3-9-66Oscar Robertson
97.7%
10-16-65Sam Jones
93.5%
10-20-65Sam Jones
93.5%
10-29-65Sam Jones
93.5%
11-12-65Sam Jones
93.5%
1-1-66Sam Jones
93.5%
1-27-66Sam Jones
93.5%
11-14-65Elgin Baylor
91.9%
3-6-66Elgin Baylor
91.9%
3-8-66Elgin Baylor
91.9%
11-6-65John Havlicek
86.3%
10-31-65Rick Barry
83.4%
11-11-65Rick Barry
83.4%
12-9-65Rick Barry
83.4%
12-14-65Rick Barry
83.4%
1-5-66Rick Barry
83.4%
1-24-66Rick Barry
83.4%
1-29-66Rick Barry
83.4%
2-6-66Rick Barry
83.4%
2-10-66Rick Barry
83.4%
2-12-66Rick Barry
83.4%
2-22-66Rick Barry
83.4%
2-25-66Rick Barry
83.4%
3-15-66Rick Barry
83.4%
3-17-66Rick Barry
83.4%
3-19-66Rick Barry
83.4%
Date Player % Correct
2-24-66Bill Russell
81.4%
11-4-65Hal Greer
72.3%
11-5-65Hal Greer
72.3%
11-13-65Hal Greer
72.3%
1-4-66Hal Greer
72.3%
10-27-65Walt Bellamy
69.1%
1-8-66Walt Bellamy
69.1%
3-12-66Walt Bellamy
69.1%
11-13-65Jerry Lucas
61.2%
2-13-66Jerry Lucas
61.2%
2-20-66Jerry Lucas
61.2%
3-10-66Jerry Lucas
61.2%
2-11-66Nate Thurmond
60.3%
1-12-66Dave DeBusschere
49.2%
1-27-66Dave DeBusschere
49.2%
12-2-65Adrian Smith
40.7%
12-9-65Adrian Smith
40.7%
12-23-65Gail Goodrich
40.4%
2-22-66Richie Guerin
39.1%
3-20-66Richie Guerin
39.1%
3-18-66Bailey Howell
34.9%
1-16-66Cliff Hagan
31.6%
2-27-66Lenny Wilkens
26.7%
11-16-65Dick Barnett
26.1%
11-20-65Dick Barnett
26.1%
12-18-65Dick Barnett
26.1%
10-31-65Don Ohl
20.8%
11-18-65Don Ohl
20.8%
3-16-66Don Ohl
20.8%
1-17-66Zelmo Beaty
18.6%
2-3-66Zelmo Beaty
18.6%
3-7-66Zelmo Beaty
18.6%
3-18-66Zelmo Beaty
18.6%
11-15-65Guy Rodgers
17.3%
11-19-65Guy Rodgers
17.3%
11-22-65Guy Rodgers
17.3%
11-23-65Guy Rodgers
17.3%
11-25-65Guy Rodgers
17.3%
12-15-65Guy Rodgers
17.3%
1-22-66Kevin Loughery
11.4%
1-31-66Kevin Loughery
11.4%
2-28-66Ray Scott
11.4%
3-11-66Kevin Loughery
11.4%
12-4-65Red Kerr
10.4%
1-13-66Happy Hairston
9.8%
2-1-66Larry Siegfried
9.4%
1-15-66Tom Van Arsdale
8.8%
3-22-66Dick Van Arsdale
8.8%
12-4-65Eddie Miles
7.2%
2-16-66Howard Komives
3.9%
3-13-66Howard Komives
3.9%
11-7-65Jim Barnes
3.3%

You're not logged in!

Compare scores with friends on all Sporcle quizzes.
Join for Free
OR
Log In

You Might Also Like...

Show Comments

Extras

Top Quizzes Today


Score Distribution

Your Account Isn't Verified!

In order to create a playlist on Sporcle, you need to verify the email address you used during registration. Go to your Sporcle Settings to finish the process.

Report this User

Report this user for behavior that violates our Community Guidelines.

Details: